| 000 | 01125 a2200181 4500 | ||
|---|---|---|---|
| 003 | Nust | ||
| 005 | 20221229120332.0 | ||
| 020 | _a81-219-2524-x | ||
| 040 | _cNust | ||
| 082 | _a621.8,KHU | ||
| 100 |
_aR.S Khurmi _927450 |
||
| 245 |
_aTheory of Machines / _cR.S Khurmi-J.K Gupta |
||
| 260 |
_aNew Delhi _bS. Chand Private Ltd _c2012 |
||
| 300 | _axii,1070,p | ||
| 505 | _aIntroduction (Page-1), Kinematics of Motion (Page-8), Kinetics of Motion (Page-24), Simple Harmonic Motion (Page-72), Simple Mechanisms (Page-94), Velocity in Mechanisms (Page-119), Acceleration in Mechanisms (Page-174), Mechanisms with Lower Pairs (Page-232), Friction (Page-258), Belt, Rope and Chain Drives (Page-325), Tooth Gearing (Page-382), Gear Trains (Page-428), Gyroscopic Couple and Precessional Motion (Page-480), Inertia Forces in Reciprocating Parts (Page-514), Turning Movement Diagrams and Flywheel (Page-565), Brakes and Dynamometer (Page-732), Cams (Page-774), Balancing of Rotating Masses (Page-833), Torsional Vibrations (Page-972), Automatic Control (Page-1050). | ||
| 650 | _aTelecommunication Engineering | ||
| 942 |
_2ddc _cBK |
||
| 999 |
_c189496 _d189496 |
||